000 00746nac a22002417a 4500
001 BR9600816
003 BR-BrBNA
005 20240105121817.0
008 230509b bl.|||m| |||| 00| 0 por d
040 _aBR-BrBNA
_bpor
_cBiblioteca Nacional de Agricultura
072 _aL53
090 _a5300 BR9600816
100 1 _aMoraes, N.
110 1 _aCentro Nacional de Pesquisa de Suinos e Aves, Concordia, SC (Brasil)
245 1 _aFatores que limitam a producao de leitoes na maternidade
260 3 _aConcordia, SC (Brasil):
_c1993.
300 _a5 p.
490 _aSuinocultura Dinamica (Brazil)
_vno. 9
_x
650 _aLeitao
650 _aReproducao Animal
909 _a202312
_bLúcia Elande
_c55
_dLúcia Elande
942 _2AGRIS
_n0
_cMS
999 _c287605
_d287605